| 000 | 00646nam a22002177a 4500 | ||
|---|---|---|---|
| 001 | 26887 | ||
| 003 | BD-RjUL | ||
| 005 | 20211209051100.0 | ||
| 008 | 140324s1950 pk ||||| |||| 00| 0 eng d | ||
| 035 | _a(BD-RjUL)26958 | ||
| 040 |
_aBD-RjUL _beng _cBD-RjUL |
||
| 041 | _aeng | ||
| 082 | 0 | 4 |
_220 _a954.6 _bIZK V-1 1950 |
| 100 | 1 |
_aIzzatullah, Shaikh. _982632 |
|
| 245 | 1 | 0 |
_aKashmir-plebiscite / _cShaikh Izzatullah;editor Nawa-I-Iqbal. _nPart I |
| 260 |
_aLahore : _bIqbal Co., _c1950. |
||
| 300 |
_a301 p. ; _c21 cm. |
||
| 651 | 0 |
_aJammu and Kashmir (India) _xPolitics and government. _982633 |
|
| 700 | 0 |
_aNawa-I-Iqbal. _982634 |
|
| 942 |
_2ddc _cBK |
||
| 999 |
_c26887 _d26887 |
||